Black Gold. (Record no. 1591)

MARC details
000 -LEADER
fixed length control field 00721cam a22002291 4500
005 - DATE AND TIME OF LATEST TRANSACTION
control field 20230908121753.0
020 ## - INTERNATIONAL STANDARD BOOK NUMBER
International Standard Book Number 076714004993
040 ## - CATALOGING SOURCE
Original cataloging agency DLC
Transcribing agency ODaWU
Modifying agency OCoLC
-- TCollA
-- DLC
Language of cataloging eng
050 00 - LIBRARY OF CONGRESS CALL NUMBER
Classification number PZ10.3.H43
Item number Bl
082 ## - DEWEY DECIMAL CLASSIFICATION NUMBER
Classification number 813.54
100 1# - MAIN ENTRY--PERSONAL NAME
Personal name Henry, Marguerite,
Dates associated with a name 1902-1997.
245 10 - TITLE STATEMENT
Title Black Gold.
Statement of responsibility, etc. Illustrated by Wesley Dennis.
260 ## - PUBLICATION, DISTRIBUTION, ETC.
Name of publisher, distributor, etc. Simon & Schuster,Inc
Date of publication, distribution, etc. 1957
300 ## - PHYSICAL DESCRIPTION
Extent 172 pages :
Other physical details illustrations ;
Dimensions 21 cm
505 ## - FORMATTED CONTENTS NOTE
Formatted contents note U <br/>
520 ## - SUMMARY, ETC.
Summary, etc. A heroic small-boned horse with a will to win is finally ridden to glory by his devoted jockey.
521 ## - TARGET AUDIENCE NOTE
Target audience note 820 <br/>
Source Lexile <br/>
521 ## - TARGET AUDIENCE NOTE
Target audience note U <br/>
Source Raz-Plus <br/>
906 ## - LOCAL DATA ELEMENT F, LDF (RLIN)
a 7
b cbc
c oclcrpl
d u
e ncip
f 19
g y-gencatlg
942 ## - ADDED ENTRY ELEMENTS (KOHA)
Source of classification or shelving scheme Dewey Decimal Classification
Koha item type Books
Suppress in OPAC No
999 ## -
-- 1591
-- 1591
Holdings
Withdrawn status Lost status Source of classification or shelving scheme Damaged status Not for loan Collection Home library Current library Shelving location Date acquired Total Checkouts Full call number Barcode Date due Date last seen Date last checked out Price effective from Koha item type
    Dewey Decimal Classification     Juvenile Fiction Footprints International School Library Network Toul Tom Poung Campus Footprints International School Library Network Toul Tom Poung Campus TTP Secondary Fiction Bookshelves 09/08/2023 1 DEN Fic PZ10.H43 FISBK05236 04/14/2026 03/31/2026 03/31/2026 09/08/2023 Books